La enseñanza por objetivos de aprendizaje: fundamentos y práctica /
Guardado en:
| Autor Principal: | |
|---|---|
| Formato: | Libro |
| Publicado: |
Madrid :
Santillana,
1976
|
| Series: | Aula Xxi ; No. 2
|
| Materias: | |
| Etiquetas: |
Agregar Etiqueta
Sin Etiquetas, Sea el primero en etiquetar este registro!
|
| LEADER | 00638nam a22002175a 4500 | ||
|---|---|---|---|
| 001 | CEM.cems005021 | ||
| 005 | 20060217000000.0 | ||
| 008 | 130507s1976##################000#0#####d | ||
| 003 | CEMS | ||
| 082 | 0 | 4 | |a 371.3 |
| 100 | 1 | |a Peterssen, Wilhem H. | |
| 245 | 1 | 0 | |a La enseñanza por objetivos de aprendizaje: fundamentos y práctica / |
| 260 | |a Madrid : |b Santillana, |c 1976 | ||
| 300 | |a 213 p. | ||
| 490 | 0 | |a Aula Xxi ; No. 2 | |
| 653 | |a Aprendizaje | ||
| 653 | |a Aprendizaje por objetivos | ||
| 653 | |a Curriculum abierto | ||
| 653 | |a Educacion | ||
| 653 | |a Enseñanza-metodos | ||
| 859 | |a CEMS |b BIB. CEMS - 11 de abril |h 371.3 |i P442 |p 6809.79 |t Ej.1 | ||
